[Event "IECC Swiss-479.1"]
[Site "IECC email"]
[Date "2004.01.20"]
[Round "?"]
[White "Garcia, Arsenio"]
[Black "Jonsson, Gudbrandur"]
[Result "0-1"]
[WhiteElo "1011"]
[BlackElo "1626"]
[PlyCount "46"]
[EventDate "2004.??.??"]
[EventType "swiss (corr)"]
[EventRounds "1"]
[SourceTitle "Corr 2020"]
[Source "ChessBase"]
[SourceDate "2019.09.30"]
[SourceVersion "1"]
[SourceVersionDate "2019.09.30"]
[SourceQuality "1"]
[WhiteTeam "Philippines"]
[BlackTeam "Iceland"]
[WhiteTeamCountry "PHI"]
[BlackTeamCountry "ISL"]

1. e4 d5 2. exd5 Nf6 3. c4 c6 4. dxc6 Nxc6 5. Nf3 e5 6. Be2 e4 7. Ng5 h6 8. Nh3 Bxh3 9. gxh3 Qd7 10. Bg4 Nxg4 11. Qxg4 0-0-0 12. Qxd7+ Rxd7 13. b3 Nb4 14. Kd1 Bc5 15. Rf1 Bd4 16. a3 Bxa1 17. axb4 Rd3 18. Kc2 Rxh3 19. Rh1 Rf3 20. Rf1 f5 21. Nc3 Bxc3 22. dxc3 f4 23. c5 Re8 0-1

[Event "IECC KO-2042"]
[Site "IECC email"]
[Date "2003.12.01"]
[Round "?"]
[White "Jensen, Jeff"]
[Black "Jonsson, Gudbrandur"]
[Result "0-1"]
[WhiteElo "1433"]
[BlackElo "1632"]
[PlyCount "50"]
[EventDate "2003.??.??"]
[EventType "match (corr)"]
[EventRounds "2"]
[SourceTitle "Corr 2020"]
[Source "ChessBase"]
[SourceDate "2019.09.30"]
[SourceVersion "1"]
[SourceVersionDate "2019.09.30"]
[SourceQuality "1"]
[WhiteTeam "Australia"]
[BlackTeam "Iceland"]
[WhiteTeamCountry "AUS"]
[BlackTeamCountry "ISL"]

1. d4 Nf6 2. c4 e6 3. Nc3 Bb4 4. Nf3 0-0 5. e3 d5 6. Bd2 Nc6 7. Bd3 dxc4 8. Bxc4 Na5 9. Qe2 Nxc4 10. Qxc4 Nd5 11. 0-0 Be7 12. Rac1 c6 13. e4 Nxc3 14. Bxc3 f5 15. exf5 Rxf5 16. Ne5 a5 17. Rfe1 Qf8 18. Re2 a4 19. a3 Qd8 20. Rd2 Bg5 21. Rcd1 Bxd2 22. Rxd2 Qh4 23. Qc5 Qe4 24. Rd3 Rxe5 25. dxe5 Qxd3 0-1

[Event "IECC TH-M email"]
[Site "IECC email"]
[Date "2003.11.22"]
[Round "?"]
[White "Jonsson, Gudbrandur"]
[Black "Chadwick, Charles"]
[Result "1-0"]
[WhiteElo "1622"]
[BlackElo "1877"]
[PlyCount "23"]
[EventDate "2003.??.??"]
[EventType "match (corr)"]
[EventRounds "2"]
[SourceTitle "Corr 2008"]
[Source "ChessBase"]
[SourceDate "2008.06.24"]
[SourceVersion "1"]
[SourceVersionDate "2008.06.24"]
[SourceQuality "1"]

1. d4 Nf6 2. c4 e6 3. Nc3 Bb4 4. Qb3 c5 5. a3 Bxc3+ 6. Qxc3 cxd4 7. Qxd4 d5 8. cxd5 Nxd5 9. Qxg7 Rf8 10. Qxh7 Qf6 11. Nf3 Nc6 12. Qc2 1-0

[Event "IECC Swiss-475.1"]
[Site "IECC email"]
[Date "2003.11.08"]
[Round "?"]
[White "Jonsson, Gudbrandur"]
[Black "Balazs, Gabor"]
[Result "0-1"]
[WhiteElo "1655"]
[BlackElo "1021"]
[PlyCount "74"]
[EventDate "2003.??.??"]
[EventType "swiss (corr)"]
[EventRounds "1"]
[SourceTitle "Corr 2020"]
[Source "ChessBase"]
[SourceDate "2019.09.30"]
[SourceVersion "1"]
[SourceVersionDate "2019.09.30"]
[SourceQuality "1"]
[WhiteTeam "Iceland"]
[BlackTeam "Hungary"]
[WhiteTeamCountry "ISL"]
[BlackTeamCountry "HUN"]

1. d4 d5 2. Nf3 Nc6 3. e3 Nf6 4. Bb5 Bd7 5. 0-0 e6 6. Nbd2 Bd6 7. c4 0-0 8. c5 Be7 9. Be2 b6 10. Qc2 bxc5 11. dxc5 e5 12. b3 e4 13. Nd4 Nxd4 14. exd4 Qb8 15. Qc3 a5 16. f3 Qb4 17. Qe3 exf3 18. Nxf3 Ne4 19. Qf4 c6 20. Be3 Rae8 21. Qc7 Qc3 22. Bf4 Bg4 23. Rac1 Qb2 24. Rce1 Bh4 25. Qxc6 Bxe1 26. Rxe1 Bxf3 27. gxf3 Qxd4+ 28. Kh1 Nf2+ 29. Kg2 Nd3 30. Bxd3 Rxe1 31. Bf1 Qxf4 32. Qxd5 Rb1 33. Qh5 Rd8 34. Qh3 Rd2+ 35. Kg1 Rxf1+ 36. Kxf1 Rd1+ 37. Kg2 Qd2+ 0-1

[Event "IECC Swiss-473.1"]
[Site "IECC email"]
[Date "2003.10.10"]
[Round "?"]
[White "Jonsson, Gudbrandur"]
[Black "Nicolaescu, Nicolae"]
[Result "1/2-1/2"]
[WhiteElo "1625"]
[BlackElo "1135"]
[PlyCount "60"]
[EventDate "2003.??.??"]
[EventType "swiss (corr)"]
[EventRounds "1"]
[SourceTitle "Corr 2020"]
[Source "ChessBase"]
[SourceDate "2019.09.30"]
[SourceVersion "1"]
[SourceVersionDate "2019.09.30"]
[SourceQuality "1"]
[WhiteTeam "Iceland"]
[BlackTeam "Romania"]
[WhiteTeamCountry "ISL"]
[BlackTeamCountry "ROU"]

1. d4 Nf6 2. Nf3 e6 3. e3 b6 4. Nc3 Bb7 5. Bd3 d5 6. 0-0 Nbd7 7. Ne5 c5 8. Nxd7 Qxd7 9. Bb5 Bc6 10. Bxc6 Qxc6 11. Qe2 Be7 12. f4 a6 13. f5 0-0 14. Bd2 b5 15. Rac1 b4 16. Nb1 c4 17. c3 a5 18. b3 Rfc8 19. Qf3 Rab8 20. Be1 cxb3 21. axb3 Qd7 22. Bg3 Rb6 23. cxb4 Rxb4 24. fxe6 fxe6 25. Nd2 Rb6 26. Be5 Rbc6 27. Rxc6 Qxc6 28. Qh3 Qd7 29. Nf3 Rc6 30. Ng5 h6 1/2-1/2

[Event "IECC Swiss email"]
[Site "IECC email"]
[Date "2003.04.18"]
[Round "?"]
[White "Jonsson, Gudbrandur"]
[Black "Keiper, Archie"]
[Result "1-0"]
[WhiteElo "1573"]
[BlackElo "1811"]
[PlyCount "99"]
[EventDate "2003.??.??"]
[EventType "tourn (corr)"]
[EventRounds "6"]
[SourceTitle "Corr 2008"]
[Source "ChessBase"]
[SourceDate "2008.06.24"]
[SourceVersion "1"]
[SourceVersionDate "2008.06.24"]
[SourceQuality "1"]

1. d4 Nf6 2. c4 e6 3. Nf3 b6 4. g3 Ba6 5. Nbd2 Bb4 6. Qc2 Bb7 7. Bg2 a5 8. 0-0 d5 9. cxd5 exd5 10. Ne5 0-0 11. Ndf3 Ne4 12. Nd2 Bxd2 13. Bxd2 Nd7 14. Bf4 Nxe5 15. Bxe5 c5 16. f3 Ng5 17. dxc5 bxc5 18. Qxc5 Ne6 19. Qf2 Rc8 20. e3 Qb6 21. Rfe1 Rfd8 22. Bh3 d4 23. exd4 Ng5 24. Bg4 Bxf3 25. Qd2 f6 26. Bxc8 Rxc8 27. h4 Ne4 28. Qf4 fxe5 29. Qxf3 Qxd4+ 30. Kh1 Rf8 31. Qb3+ Kh8 32. Re2 g5 33. Qe3 Nf2+ 34. Kg1 Nh3+ 35. Kh2 Rf2+ 36. Kh1 gxh4 37. Qxd4 exd4 38. Rxf2 Nxf2+ 39. Kg2 hxg3 40. Kxg3 Nd3 41. Rd1 Nxb2 42. Rxd4 Kg7 43. Kf4 Kf6 44. Rd6+ Kf7 45. Kf5 Nc4 46. Rd7+ Kg8 47. Rc7 Nd2 48. Rc5 a4 49. Ra5 Kf8 50. Rxa4 1-0

[Event "IECC M email"]
[Site "IECC email"]
[Date "2003.04.08"]
[Round "?"]
[White "Jonsson, Gudbrandur"]
[Black "Ringbom, Pasi"]
[Result "1-0"]
[WhiteElo "1541"]
[BlackElo "1356"]
[PlyCount "52"]
[EventDate "2003.??.??"]
[EventType "tourn (corr)"]
[EventRounds "6"]
[SourceTitle "Corr 2008"]
[Source "ChessBase"]
[SourceDate "2008.06.24"]
[SourceVersion "1"]
[SourceVersionDate "2008.06.24"]
[SourceQuality "1"]

1. d4 Nf6 2. Nf3 e6 3. c4 Bb4+ 4. Nbd2 d5 5. Qa4+ Nc6 6. a3 Bxd2+ 7. Bxd2 Ne4 8. e3 0-0 9. Rd1 Qf6 10. Bd3 Qg6 11. 0-0 Nc5 12. Qxc6 Nxd3 13. Qxc7 Nxb2 14. Bb4 Re8 15. Ne5 Qf5 16. cxd5 Nxd1 17. d6 Bd7 18. Nxd7 Rec8 19. Qxb7 Nb2 20. e4 Qf4 21. g3 Qg5 22. Ne5 Qd8 23. Qxf7+ Kh8 24. d7 Rcb8 25. Qxe6 Qb6 26. d8Q+ Rxd8 1-0

[Event "IECC O email"]
[Site "IECC email"]
[Date "2003.04.02"]
[Round "?"]
[White "Jonsson, Gudbrandur"]
[Black "Lundbeck, Rickard"]
[Result "1/2-1/2"]
[WhiteElo "1514"]
[BlackElo "1400"]
[PlyCount "92"]
[EventDate "2003.??.??"]
[EventType "tourn (corr)"]
[EventRounds "6"]
[SourceTitle "Corr 2008"]
[Source "ChessBase"]
[SourceDate "2008.06.24"]
[SourceVersion "1"]
[SourceVersionDate "2008.06.24"]
[SourceQuality "1"]

1. Nf3 Nf6 2. g3 g6 3. c4 Bg7 4. Bg2 d6 5. 0-0 e5 6. d4 e4 7. Ng5 Bf5 8. Nc3 Qe7 9. Qa4+ c6 10. Kh1 0-0 11. Ngxe4 Nxe4 12. Nxe4 Bxe4 13. f3 Bf5 14. e4 Bd7 15. Qb4 Bxd4 16. c5 Bxc5 17. Qxb7 Bb6 18. b4 Qe6 19. Qxa8 Na6 20. Qb7 Nxb4 21. Bh6 Rc8 22. Rab1 c5 23. a3 Bc6 24. Qxc8+ Qxc8 25. axb4 c4 26. Rbd1 Qe6 27. Rfe1 Qf6 28. Bf4 Bc7 29. Kg1 c3 30. Be3 Bb6 31. Rc1 Bxe3+ 32. Rxe3 Qd4 33. Rcxc3 Qd1+ 34. Kf2 Bb5 35. g4 Kg7 36. Ra3 a6 37. Kg3 Qg1 38. h4 Bf1 39. Ra2 Qxe3 40. Bxf1 Qe1+ 41. Kg2 Qxb4 42. Rxa6 Qd2+ 43. Kh3 d5 44. exd5 Qxd5 45. Kg3 Qd4 46. Rc6 h6 1/2-1/2

[Event "IECC KO email"]
[Site "IECC email"]
[Date "2003.03.14"]
[Round "?"]
[White "Jonsson, Gudbrandur"]
[Black "Meetze, Bill"]
[Result "0-1"]
[WhiteElo "1484"]
[BlackElo "1374"]
[PlyCount "120"]
[EventDate "2003.??.??"]
[EventType "tourn (corr)"]
[EventRounds "6"]
[SourceTitle "Corr 2008"]
[Source "ChessBase"]
[SourceDate "2008.06.24"]
[SourceVersion "1"]
[SourceVersionDate "2008.06.24"]
[SourceQuality "1"]

1. c4 e5 2. g3 Nf6 3. Bg2 c6 4. d4 exd4 5. Qxd4 d5 6. Nf3 dxc4 7. Qxd8+ Kxd8 8. 0-0 Bc5 9. Rd1+ Nbd7 10. Nbd2 Re8 11. e3 b5 12. Ng5 Kc7 13. Nxf7 h6 14. Nf3 Re7 15. Nh8 Nf8 16. Bd2 Bg4 17. a4 Rae8 18. axb5 cxb5 19. Ra5 Ne4 20. Bc3 Kb6 21. Rda1 Bc8 22. Nd4 a6 23. Bxe4 Rxe4 24. Nc2 R4e7 25. Nb4 Bb7 26. Nxa6 Bd6 27. Bd4+ Kc6 28. Bc3 Rd7 29. Nb4+ Kc5 30. Na6+ Kb6 31. Nb4 Red8 32. Kf1 Bc5 33. Na6 Bd6 34. R5a2 Re8 35. Ra5 Be4 36. Bb4 Bxb4 37. Nxb4 Nh7 38. f3 Rf8 39. Kg1 Rxf3 40. Ra6+ Kc5 41. Re6 Rxe3 42. Na6+ Kd5 43. Re8 Nf6 44. Rd1+ Rd3 45. Nb4+ Kd4 46. Nxd3 cxd3 47. Re6 Bf3 48. Rd2 Ne4 49. Rxe4+ Bxe4 50. Rd1 Rc7 51. b4 Rc2 52. Nf7 Bf3 53. Rxd3+ Kxd3 54. Ne5+ Ke3 55. Nxf3 Kxf3 56. h3 Rc1+ 57. Kh2 h5 58. h4 g6 59. g4 hxg4 60. h5 g3+ 0-1

[Event "IECC KO email"]
[Site "IECC email"]
[Date "2003.03.14"]
[Round "?"]
[White "Meetze, Bill"]
[Black "Jonsson, Gudbrandur"]
[Result "1/2-1/2"]
[WhiteElo "1369"]
[BlackElo "1489"]
[PlyCount "117"]
[EventDate "2003.??.??"]
[EventType "tourn (corr)"]
[EventRounds "6"]
[SourceTitle "Corr 2008"]
[Source "ChessBase"]
[SourceDate "2008.06.24"]
[SourceVersion "1"]
[SourceVersionDate "2008.06.24"]
[SourceQuality "1"]

1. Nf3 Nf6 2. d4 e6 3. c4 b6 4. g3 Bb7 5. Bg2 Be7 6. 0-0 0-0 7. Nc3 Ne4 8. Qc2 Nxc3 9. Qxc3 c5 10. Bf4 cxd4 11. Qxd4 Bf6 12. Qd3 Na6 13. Bd6 Nc5 14. Qc2 Re8 15. Rad1 Be4 16. Qd2 Bc6 17. Ne5 Bxg2 18. Kxg2 Ne4 19. Qf4 Nxd6 20. Rxd6 Qc7 21. Rfd1 Bxe5 22. Qxe5 Qxc4 23. R1d4 Qxa2 24. Rg4 g6 25. Rxd7 Red8 26. Rgd4 Rxd7 27. Rxd7 Qc4 28. f3 a5 29. h4 Rf8 30. Rc7 Qb3 31. Rd7 Qc4 32. Rc7 Qb3 33. Rd7 Qa4 34. Rc7 h6 35. g4 Qd1 36. Rb7 Qd8 37. g5 hxg5 38. hxg5 Re8 39. Qf4 Rf8 40. Qe5 Re8 41. Qf4 Rf8 42. Qe5 a4 43. Kf2 Qc8 44. Rxb6 Rd8 45. Rb4 Rd5 46. Rb8 Rxe5 47. Rxc8+ Kg7 48. Ra8 Rb5 49. Rxa4 Rxb2 50. Ra8 Rb5 51. f4 e5 52. e3 exf4 53. exf4 Rb7 54. Ra6 Rc7 55. Ke3 Re7+ 56. Kd4 Rb7 57. Rf6 Rb4+ 58. Ke3 Rb3+ 59. Ke4 1/2-1/2

[Event "IECC Swiss email"]
[Site "IECC email"]
[Date "2003.02.17"]
[Round "?"]
[White "Jonsson, Gudbrandur"]
[Black "Suriani, Cristiano"]
[Result "1-0"]
[WhiteElo "1499"]
[BlackElo "1073"]
[PlyCount "45"]
[EventDate "2003.??.??"]
[EventType "tourn (corr)"]
[EventRounds "6"]
[SourceTitle "Corr 2008"]
[Source "ChessBase"]
[SourceDate "2008.06.24"]
[SourceVersion "1"]
[SourceVersionDate "2008.06.24"]
[SourceQuality "1"]

1. d4 d5 2. c4 dxc4 3. e4 e5 4. Nf3 exd4 5. Bxc4 Bb4+ 6. Bd2 Bc5 7. Ne5 Be6 8. Bxe6 fxe6 9. Qh5+ g6 10. Nxg6 hxg6 11. Qxh8 Kd7 12. b4 Bd6 13. Qg7+ Ne7 14. e5 Qg8 15. Qxg8 Nxg8 16. exd6 Kxd6 17. 0-0 Nc6 18. b5 Ne5 19. Rd1 Kd5 20. Bf4 Nf6 21. Nc3+ Kd6 22. Rxd4+ Ke7 23. Bxe5 1-0

[Event "IECC O email"]
[Site "IECC email"]
[Date "2002.09.11"]
[Round "?"]
[White "Maltez, Nuno Manuel Fidalgo"]
[Black "Jonsson, Gudbrandur"]
[Result "1/2-1/2"]
[WhiteElo "1502"]
[BlackElo "1454"]
[PlyCount "67"]
[EventDate "2002.??.??"]
[EventType "tourn (corr)"]
[EventRounds "6"]
[SourceTitle "Corr 2008"]
[Source "ChessBase"]
[SourceDate "2008.06.24"]
[SourceVersion "1"]
[SourceVersionDate "2008.06.24"]
[SourceQuality "1"]

1. e4 e5 2. f4 exf4 3. Bc4 Qh4+ 4. Kf1 d6 5. d4 Bg4 6. Nf3 Nc6 7. c3 Qh6 8. Qb3 Nd8 9. Nbd2 Be7 10. e5 a6 11. a4 Qh5 12. Be2 dxe5 13. dxe5 g6 14. Nc4 Qf5 15. Bd2 Bc5 16. Rd1 Ne7 17. h3 Bh5 18. Be1 0-0 19. Bf2 Bxf2 20. Kxf2 Re8 21. Bd3 Qe6 22. Be4 Rb8 23. Ng5 Nec6 24. Nxe6 Nxe6 25. Bf3 Nc5 26. Qc2 Bxf3 27. Kxf3 b5 28. axb5 axb5 29. Rd5 Ne6 30. Nd2 Ng5+ 31. Kxf4 Ne6+ 32. Kf3 Ng5+ 33. Kf2 Ne6 34. Ne4 1/2-1/2

[Event "IECC Swiss email"]
[Site "IECC email"]
[Date "2002.08.11"]
[Round "?"]
[White "Agnew, George Hartwell"]
[Black "Jonsson, Gudbrandur"]
[Result "0-1"]
[WhiteElo "1029"]
[BlackElo "1523"]
[PlyCount "42"]
[EventDate "2002.??.??"]
[EventType "tourn (corr)"]
[EventRounds "6"]
[SourceTitle "Corr 2008"]
[Source "ChessBase"]
[SourceDate "2008.06.24"]
[SourceVersion "1"]
[SourceVersionDate "2008.06.24"]
[SourceQuality "1"]

1. e4 e5 2. Nf3 Nf6 3. Bc4 Nc6 4. d3 d5 5. exd5 Nxd5 6. 0-0 Bg4 7. h3 Bf5 8. Re1 f6 9. Bxd5 Qxd5 10. Nc3 Qd7 11. Be3 0-0-0 12. a3 h5 13. Nh4 g6 14. Nxf5 gxf5 15. f3 f4 16. Bf2 Rg8 17. Ne4 Qxh3 18. Kf1 Qxg2+ 19. Ke2 f5 20. Rg1 Nd4+ 21. Kd2 Nxf3+ 0-1

[Event "IECC M email"]
[Site "IECC email"]
[Date "2002.07.17"]
[Round "?"]
[White "Jones, Dorothy"]
[Black "Jonsson, Gudbrandur"]
[Result "1-0"]
[WhiteElo "1523"]
[BlackElo "1466"]
[PlyCount "49"]
[EventDate "2002.??.??"]
[EventType "tourn (corr)"]
[EventRounds "6"]
[SourceTitle "Corr 2008"]
[Source "ChessBase"]
[SourceDate "2008.06.24"]
[SourceVersion "1"]
[SourceVersionDate "2008.06.24"]
[SourceQuality "1"]

1. d4 d5 2. c4 dxc4 3. Nc3 b5 4. a4 c6 5. e3 Bd7 6. Qf3 Nf6 7. axb5 Bg4 8. Qg3 e6 9. Bxc4 Bd6 10. Qh4 0-0 11. f3 Bh5 12. e4 Bb4 13. Nge2 cxb5 14. Bxb5 Qb6 15. e5 Qxb5 16. exf6 Qf5 17. Ng3 Qd3 18. fxg7 Bxc3+ 19. bxc3 Qxc3+ 20. Bd2 Qxa1+ 21. Kf2 Qb2 22. gxf8Q+ Kxf8 23. Qd8+ Kg7 24. Nxh5+ Kg6 25. Qg5# 1-0